00412 2200181 4500001002100000005001500021008004100036035002500077041000800102082000800110090000800118100001800126245002000144250001600164260001700180300002300197650001000220INLIS00000000000125820130515120432 ind  a0010-051300000001258 aind aFik aFik aBastian, Tito aCinta Tiga Ratu aCetakan : 1 bMentari Pagi a128 hlm. ;17,5 cm. aFiksi